Nom des villes belges flamand/français - Statistiques

Statistiques générales
  • Ce quiz a été pris 94 fois
  • Le résultat moyen est 11 sur 15
Statistiques - réponses
Hint Réponse % Correct
Brussel Bruxelles
100%
Antwerpen Anvers
98%
Brugge Bruges
95%
Gent Gand
89%
Leuven Louvain
83%
Luik Liège
82%
Namen Namur
80%
Oostende Ostende
78%
De Panne La Panne
71%
Kortrijk Courtrai
70%
Aarlen Arlon
53%
Bergen Mons
53%
Mechelen Malines
51%
Nijvel Nivelles
51%
Aalst Alost
48%
Aucun quiz correspondant
Distribution des résultats
% des personnes avec chaque résultat
Percentile par nombre de réponses
Votre historique - résultats
Vous n’avez pas pris ce quiz